| 000 | 00000cam 2200000zi 4500 |
| 001 | 9.953610 |
| 003 | CaOODSP |
| 005 | 20260527141758 |
| 006 | m o d f |
| 007 | cr cn |||||||| |
| 008 | 250725e20250512oncado ob f000 0 fre d |
| 020 | |a9780660782775 |
| 040 | |aCaOODSP|bfre|erda|cCaOODSP |
| 043 | |an-cn--- |
| 086 | 1 |aNR16-486/2025F-PDF |
| 100 | 1 |aWalker, Alex, |eauteur. |
| 245 | 10|aLivre blanc : |bactivités du CNRC en matière de photodétection dans l'infrarouge à courte longueur d'onde / |cAlex Walker, Oliver Pitts, Costel Flueraru, Abderrahim Boucherif, Anthony Springthorpe, Alireza Loghmany, Patrick Therrien, Mohammad Salahuddin. |
| 246 | 17|aActivités du CNRC en matière de photodétection dans l'infrarouge à courte longueur d'onde |
| 264 | 1|a[Ottawa] : |bConseil national de recherches Canada = National Research Council Canada, |c12 mai 2025. |
| 264 | 4|c©2025 |
| 300 | |a1 ressource en ligne (12 pages) : |billustrations, graphiques, photographies |
| 336 | |atexte|btxt|2rdacontent/fre |
| 337 | |ainformatique|bc|2rdamedia/fre |
| 338 | |aressource en ligne|bcr|2rdacarrier/fre |
| 500 | |a"Non-sensible." |
| 500 | |aPublié aussi en anglais sous le titre : White paper : NRC's photodetector activities in the short-wavelength infrared. |
| 504 | |aComprend des références bibliographiques (page 10). |
| 520 | |a« Le Conseil national de recherches du Canada (CNRC) et le Centre de fabrication pour la photonique du Canada (CFPC) ont développé des capacités étendues en matière de conception, d'épitaxie, de fabrication et de test de structures de lasers et de détecteurs » -- Contexte, page 4. |
| 650 | 6|aDétecteurs optiques|xInnovations|zCanada. |
| 650 | 6|aRayonnement infrarouge|xTechnique|zCanada. |
| 710 | 2 |aConseil national de recherches Canada, |eorganisme de publication. |
| 775 | 08|tWhite paper : |w(CaOODSP)9.952971 |
| 856 | 40|qPDF|s5.46 Mo|uhttps://publications.gc.ca/collections/collection_2026/cnrc-nrc/NR16-486-2025-fra.pdf |
| 986 | |aNRC-QN-AEP-056-F |